Statistics for Country Shapes in the World Map #3

Click here to take the quiz!

General Stats

  • This quiz has been taken 44,337 times
  • The average score is 18 of 20

Answers on the Map

Answers color-coded by a green-red scale on the quiz's map according to % correct below.
Loading ...
 

Answer Stats

Country% Correct
Australia
100%
Brazil
100%
Portugal
99%
Norway
99%
Chile
99%
Ireland
99%
Italy
99%
Madagascar
98%
Turkey
97%
Saudi Arabia
96%
Kazakhstan
93%
Nepal
93%
Tunisia
90%
Belarus
89%
Cambodia
89%
Nicaragua
86%
Namibia
82%
Tanzania
81%
Senegal
78%
Cameroon
76%

Score Distribution

Percentile by Number Answered

Percent of People with Each Score

Your Score History

You have not taken this quiz